|
|
|
|
| LEADER |
00774nam a2200217 a 4500 |
| 001 |
GR-MES1644 |
| 008 |
991111s gr 000 b eng d |
| 020 |
|
|
|a 0134744799
|
| 040 |
|
|
|a GrPaTEI
|b gre
|c GR-PaULI
|
| 245 |
0 |
0 |
|a International accounting.
|
| 250 |
|
|
|a 2th ed.
|
| 260 |
|
|
|a New Jersey :
|b Prentice-Hall
|
| 300 |
|
|
|a 610σ.
|
| 500 |
|
|
|a Περιλαμβάνει ευρετήριο.
|
| 650 |
|
4 |
|a ΔΙΕΘΝΗΣ ΛΟΓΙΣΤΙΚΗ
|
| 700 |
1 |
|
|a Choi, Frederick
|
| 700 |
1 |
|
|a Mueller, Gerhard
|
| 942 |
|
|
|2 ddc
|
| 952 |
|
|
|0 0
|1 0
|2 ddc
|4 0
|6 657_000000000000000_CHO
|7 0
|9 265883
|a MSLG
|b MSLG
|c BSC
|d 2021-01-17
|e 24
|f 0
|g 0.00
|l 0
|o 657 CHO
|p 2420000002668
|r 2021-01-17 00:00:00
|t 1
|w 2021-01-17
|y BK15
|x 19991111 0 1
|x GrPaTEI
|
| 971 |
|
|
|a .b25726870
|b 15-04-20
|c 13-09-16
|
| 999 |
|
|
|c 152866
|d 152866
|